000 00505nam a22001811a 4500
001 1934
003 OSt
005 20260204211753.0
008 040122s1998||||dr ||||||b||||||||||spa||
050 _aRD 636.401 C33p
082 _aRD 636.401 C33p
245 _aCentro para el Desarrollo Agropecuario y Forestal. Producción porcina.
264 _aSanto Domingo : CEDAF
300 _a31 p.
500 _aIncluye bibliografías.
650 _a1.Produción Animal 2.Prodección PorcinaÌ
942 _2ddc
_cBK
999 _c1934
_d1934